Recuerdos entomológicos : estudios sobre el instinto y las costumbres de los insectos. Tercera serie /
Saved in:
| Main Author: | |
|---|---|
| Format: | Book |
| Language: | Spanish French |
| Published: |
Buenos Aires :
Emecé,
1947.
|
| Series: | Biblioteca Emecé de obras universales (Emecé). Ciencias.
79 |
| Subjects: |
| LEADER | 01095Cam#a22002655a#4500 | ||
|---|---|---|---|
| 001 | 025558 | ||
| 005 | 20160721161519.0 | ||
| 008 | 131202s1947||||ag af ##| #001|0#spa#d | ||
| 040 | |a AR-BeUNQ |b spa | ||
| 041 | 1 | |a pa |h fre | |
| 044 | |a ag | ||
| 082 | 0 | 4 | |a 595.7 |2 21 |
| 100 | 1 | |a Fabre, Jean-Henri. | |
| 245 | 0 | 2 | |a Recuerdos entomológicos : |b estudios sobre el instinto y las costumbres de los insectos. |c J. H. Fabre. |n Tercera serie / |
| 260 | |a Buenos Aires : |b Emecé, |c 1947. | ||
| 300 | |a 430 p. : |b 113 grabados, 16 láms. ; |c 18 cm. | ||
| 490 | 1 | |a Biblioteca Emecé de obras universales. | |
| 500 | |a Traducción de: Souvenirs entomologiques. | ||
| 500 | |a Incluye índice de grabados (p. 421-423), índice de láminas (p. 424) y tabla de contenidos de los diez volúmenes (p. 427-430). | ||
| 650 | 7 | |a Entomología |2 spines | |
| 650 | 7 | |a Insectos |2 spines | |
| 830 | 0 | |a Biblioteca Emecé de obras universales (Emecé). |n Sección II, |p Ciencias. |v 79 | |
| 929 | |a DONACION |b Biblioteca Central del Ejército |d 0 |e 20110913 |f PAT0039924 |g 1910 Exp. 827-0387/98 |j 50493 | ||
| 942 | |c LIB |n 0 | ||
| 999 | |c 23664 |d 99051 | ||